Ilustrované dejiny Slovenska. : Na ceste k sebauvedomeniu. /
Uložené v:
| Hlavný autor: | |
|---|---|
| Médium: | Kniha |
| Jazyk: | Slovak |
| Vydané: |
Bratislava :
Perfekt, a.s.,
2002
|
| Vydanie: | 2. vyd. |
| Témy: | |
| ISBN: |
8080461902 (viaz.) |
| Fyzický popis: |
301 s. |
| Tagy: |
Pridať tag
Žiadne tagy, Buďte prvý kto otaguje tento záznam!
|
Titul je dostupný aj v ... 

MARC
| LEADER | 00000nam a2200000 a 4500 | ||
|---|---|---|---|
| 001 | 000085521 | ||
| 003 | SVKK | ||
| 005 | 20020219000000.0 | ||
| 008 | 020124s2002 xo e sloo | ||
| 020 | |a 8080461902 (viaz.) | ||
| 040 | |a SVKKK |b slo |c SVKKK |e AACR2 | ||
| 041 | 0 | |a slo | |
| 044 | |a xo |c SK | ||
| 080 | |a 943.76 |2 1997 | ||
| 100 | 1 | |a Špiesz, Anton |4 aut | |
| 245 | 1 | 0 | |a Ilustrované dejiny Slovenska. : |b Na ceste k sebauvedomeniu. / |c Anton Špiesz |
| 250 | |a 2. vyd. | ||
| 260 | |a Bratislava : |b Perfekt, a.s., |c 2002 | ||
| 300 | |a 301 s. | ||
| 653 | 0 | |a Slovensko |2 SVKKKPH | |
| 653 | 0 | |a dejiny |2 SVKKKPH | |
| 655 | 7 | |a príručky |2 SVKKKPH | |
| 910 | |a svkkk | ||
| 919 | |a 80-8046-190-2 | ||
| 974 | |a UH |d 20020214 | ||
| 974 | |a KL |d 20020208 | ||
| 974 | |a MI |d 20020219 | ||
| 998 | |a BK | ||
| 090 | |g SCKHL |k Sklad Pribinova prízemie |a IV.185298 |j 944210 |i 2720093872 |s Absenčne | ||